| 000 | 00566nam a2200193 i 4500 | ||
|---|---|---|---|
| 001 | 115609 | ||
| 003 | ES-MaACL | ||
| 005 | 20230906190517.0 | ||
| 007 | t| | ||
| 008 | 070416s1969 sp ||||1| baq d | ||
| 080 | _a783.65 | ||
| 080 | _a245.491.69 | ||
| 245 | 0 | 0 |
_aTxalo jo jaunnari. _n1, _pEpiritual beltzak Deiss, Berthier Julien... |
| 260 |
_aOñate : _bSantuarick Azanzazu, _c1969. |
||
| 300 |
_a59 p. ; _c14 x 21 cm. |
||
| 650 | 4 |
_aCantos religiosos. _9144783 |
|
| 710 | 2 |
_aSantuario de Nuestra Señora de Aránzazu. _96506 |
|
| 852 | 4 |
_aES-MaACL _jC-51280 |
|
| 999 |
_c115609 _d115609 |
||